000 01342nam a22002777a 4500
001 BRCA_9315
003 FranzMayer
005 20230918115557.0
008 230816b |||||||| |||| 00| 0 eng d
020 _a0894679538
040 _aMFM
_bespañol
_cMFM
050 0 _aN590
_bM38 2001
100 1 _4Autor
_aMathenson, Susan B.
_929052
240 _aArt for Yale
_hA History of the Yale University Art Gallery
_lenglish
245 0 _aArt for Yale
_bA History of the Yale University Art Gallery
260 _aConnecticut, EE,UU.
_bYale University Art Gallery
_c2001
300 _a300 p
_bIlustraciones a color
_c30 cm
500 _aAnexo 1
500 _aEl libro contiene una dedicatoria en la primer hoja
500 _aEl libro contiene una guarda de papel con la imagen del mismo sobre la cubierta dura.
505 _aTexto en: inglésIncluye índice temáticoDirigido a: artistas, historiadores de arte, museógrafos, o cualquier persona con interés en el arte/la Universidad de Yale
610 _2Coorperation conjuction
_aArt for Yale: Defining Moments
_bYale University Art Gallery
_929053
650 1 _2Artes visuales
_aMuseos de artes o galerias
_vMuseos privados o de instituciones privadas
_929054
651 2 _2Arte estadounidense
_aUniversidad de Yale
_vGalería de Arte de la Universidad de Yale
_929055
942 _2lcc
_cB
999 _c10937
_d10937